000 01134nam a22003137i 4500
999 _c173050
_d173050
005 20190613124506.0
008 190613t20192019my bo j 000 0 may d
020 _a9789670768502
_qset
_cRM299.00
020 _a9789670768557
_qpaperback
_cRM59.80
040 _aPPAK
_beng
_cPPAK
_erda
082 0 4 _a959.5
_223
090 0 0 _a959.5
_bMAR
_dK
100 0 _aMariah Ahmad,
_eauthor.
245 1 0 _aTERENGGANU & WILAYAH PERSEKUTUAN /
_cMARIAH AHMAD
246 3 _aTerengganu dan Wilayah Persekutuan
264 1 _aSeremban, Negeri Sembilan :
_bGOODWILL PUBLICATIONS,
_c2019
264 4 _c©2019
300 _aiv, 96 pages :
_bcolour maps, chiefly colour photographs ;
_c26 cm
336 _2rdacontent
_atext
337 _2rdamedia
_aunmediated
338 _2rdacarrier
_avolume
490 1 _aSIRI INFO ASAS NEGERI MALAYSIA
504 _6Bibliography: pages 95-96
651 0 _aMalaysia
_xSocial life and customs
_vJuvenile literature
651 0 _aTerengganu (Malaysia)
_xSocial life and customs
651 0 _aWilayah Persekutuan (Kuala Lumpur)
_xSocial life and customs
830 0 _aSiri info asas negeri Malaysia
942 _2ddc
_cB